000 00598nam a2200193 a 4500
001 000033308
003 DO-SdBNP
005 20211022144418.0
008 110823s1965 dr 000 0 spa d
040 _aDO-SdBNP
_bspa
_cBNPHU
082 4 _bF488C
_222
100 1 _aCampillo Pérez, Julio G.
_931026
245 1 0 _aBenigno Filomeno de Rojas :
_bapóstol del régimen de derecho /
_cJulio G. Campillo Pérez.
260 _aSantiago de los Caballeros, República Dominicana :
_bs.n.,
_c1965.
300 _a31 p. ;
_c30 cm.
590 _aInventariado, 2021 / DG
910 _aDG
942 _2ddc
_cLBS1
999 _c32799
_d32799